000 01168nam a2200313Ia 4500
001 ebr10251681
003 CaPaEBR
006 m u
007 cr cn|||||||||
008 080414s2008 mau sb 001 0 eng d
010 _z 2008017023
020 _z9780262195898
020 _z0262195895
040 _aCaPaEBR
_cCaPaEBR
035 _a(OCoLC)259741828
050 1 4 _aPN1995.9.M96
_bS56 2008eb
082 0 4 _a791.43/615
_222
100 1 _aSinger, Irving.
245 1 0 _aCinematic mythmaking
_h[electronic resource] :
_bphilosophy in film /
_cIrving Singer.
260 _aCambridge, MA :
_bMIT Press,
_cc2008.
300 _ax, 245 p.
504 _aIncludes bibliographical references (p. [231]-238) and index.
533 _aElectronic reproduction.
_bPalo Alto, Calif. :
_cebrary,
_d2009.
_nAvailable via World Wide Web.
_nAccess may be limited to ebrary affiliated libraries.
650 0 _aMyth in motion pictures.
650 0 _aMotion pictures.
655 7 _aElectronic books.
_2local
710 2 _aebrary, Inc.
856 4 0 _uhttp://site.ebrary.com/lib/rucke/Doc?id=10251681
_zAn electronic book accessible through the World Wide Web; click to view
999 _c35926
_d35926